Geography Quiz

Random Geography or World Quiz
Score 0/20 Timer 08:00
48 Plays Today
Rank Lake % Correct
5.Michigan
92.6%
2.Superior
90.7%
11.Erie
87.4%
4.Huron
83.1%
13.Ontario
81.9%
3.Victoria
71.3%
1.Caspian Sea
61.9%
17.Titicaca
49%
7.Baikal
47.2%
8.Great Bear Lake
35.7%
Rank Lake % Correct
10.Great Slave Lake
34.7%
9.Malawi
30.9%
6.Tanganyika
28.1%
12.Winnipeg
26%
18.Nicaragua
19.1%
15.Ladoga
18.9%
19.Athabasca
15.8%
16.Onega
14.8%
14.Balkhash
13.8%
20.Taymyr
10.4%
Come Together.
Have Fun.
All Virtual.
We all need to come together. Play Sporcle's virtual live trivia to have fun, connect with people, and get your trivia on. Join a live hosted trivia game for your favorite pub trivia experience done virtually. If a virtual private party is more your thing, go here for details.

You're not logged in!

Compare scores with friends on all Sporcle quizzes.
OR
Log In

Sporcle TV

Today on Sporcle TV


Watch our educational content, quiz creation guides, and fun videos on Sporcle TV.

Show Comments

Extras

Top Quizzes Today


Score Distribution

Paid Content

Your Account Isn't Verified!

In order to create a playlist on Sporcle, you need to verify the email address you used during registration. Go to your Sporcle Settings to finish the process.

Report this User

Report this user for behavior that violates our Community Guidelines.

Details: